[Event "XXIV European Club Cup"]
[Site "Kallithea GRE"]
[Date "2008.10.21"]
[Round "5.1"]
[White "Macieja, Bartlomiej"]
[Black "Tregubov, Pavel V."]
[Result "0-1"]
[WhiteElo "2600"]
[BlackElo "2646"]
[PlyCount "102"]
[EventDate "2008.10.17"]

1. d4 d5 2. c4 e6 3. Nf3 c6 4. e3 Nf6 5. Bd3 dxc4 6. Bxc4 Nbd7 7. O-O Bd6 8.
Nc3 O-O 9. e4 e5 10. Be3 Qe7 11. Bb3 b5 12. Re1 Bb7 13. Qc2 b4 14. Na4 exd4 15.
Bxd4 c5 16. Bxf6 Qxf6 17. Rad1 Rad8 18. Bd5 Ba6 19. b3 Rfe8 20. Bc4 Bxc4 21.
Qxc4 Ne5 22. Nxe5 Qxe5 23. g3 Bf8 24. Rxd8 Rxd8 25. Qe2 c4 26. bxc4 g6 27. Qc2
Rd4 28. Nb2 a5 29. Kg2 Qe6 30. f3 Bc5 31. Rd1 Qd6 32. Rxd4 Qxd4 33. Qe2 h5 34.
Na4 Ba7 35. e5 Kg7 36. g4 hxg4 37. fxg4 Qd7 38. Nb2 a4 39. e6 fxe6 40. Qe5+ Kh7
41. Nd3 Qb7+ 42. Kh3 b3 43. axb3 a3 44. Qxe6 Bd4 45. Ne5 Qxb3+ 46. Kh4 g5+ 47.
Kxg5 Qe3+ 48. Kh4 Qh6+ 49. Qxh6+ Kxh6 50. g5+ Kg7 51. Nc6 Bc3 0-1

[Event "XXIV European Club Cup"]
[Site "Kallithea GRE"]
[Date "2008.10.21"]
[Round "5.2"]
[White "David, Alberto"]
[Black "Brunello, Sabino"]
[Result "1-0"]
[WhiteElo "2585"]
[BlackElo "2456"]
[PlyCount "49"]
[EventDate "2008.10.17"]

1. d4 Nf6 2. c4 e6 3. g3 d5 4. Nf3 dxc4 5. Bg2 Bb4+ 6. Bd2 a5 7. O-O b5 8. a4
Bxd2 9. Nfxd2 c6 10. axb5 Qxd4 11. Na3 Nd5 12. Ndxc4 Qxd1 13. Rfxd1 Ke7 14.
Rac1 Nb4 15. bxc6 Ra6 16. c7 N8c6 17. Nd6 f6 18. e3 Bd7 19. Bf1 Rb6 20. Nac4
Ra6 21. c8=Q Bxc8 22. Nxc8+ Rxc8 23. Nd6 Rca8 24. Bxa6 Rxa6 25. Nc8+ 1-0

[Event "XXIV European Club Cup"]
[Site "Kallithea GRE"]
[Date "2008.10.21"]
[Round "5.2"]
[White "Melkumyan, Hrant"]
[Black "Bellini, Fabio"]
[Result "0-1"]
[WhiteElo "2541"]
[BlackElo "2489"]
[PlyCount "114"]
[EventDate "2008.10.17"]

1. d4 g6 2. c4 Bg7 3. g3 d6 4. Nc3 Nc6 5. Nf3 Bg4 6. Bg2 e5 7. d5 Nce7 8. O-O
Nf6 9. Ne1 h5 10. h3 Bd7 11. e4 Qc8 12. Kh2 h4 13. g4 Nh7 14. Nd3 O-O 15. Be3
f5 16. f3 b6 17. Qd2 Kh8 18. b4 a5 19. a3 axb4 20. axb4 Rxa1 21. Rxa1 fxg4 22.
fxg4 g5 23. c5 bxc5 24. bxc5 Ng6 25. Nf2 dxc5 26. Bxc5 Re8 27. Bf1 Bf8 28. Be3
Bd6 29. Nb5 Rf8 30. Ra7 Rf7 31. Qa2 Kg7 32. Kg2 Nf4+ 33. Kh2 Nf6 34. Qa5 Bxb5
35. Qxb5 Qf8 36. Qc6 N6xd5 37. exd5 Nxd5 38. Qxd5 Rxf2+ 39. Bg2 e4+ 40. Kh1
Rf1+ 41. Bg1 Rxg1+ 42. Kxg1 Bc5+ 43. Kh1 Bxa7 44. Qxg5+ Kf7 45. Qxh4 Qc5 46.
Qe1 Qe3 47. Qf1+ Kg7 48. g5 Bd4 49. Qb1 Be5 50. Qd1 Kg6 51. h4 c5 52. Bf1 Qf2
53. h5+ Kxg5 54. Qd8+ Kh6 55. Qb6+ Kxh5 56. Be2+ Qxe2 57. Kg1 Bd4+ 0-1

[Event "XXIV European Club Cup"]
[Site "Kallithea GRE"]
[Date "2008.10.21"]
[Round "5.4"]
[White "Edouard, Romain"]
[Black "D'Amore, Carlo"]
[Result "1/2-1/2"]
[WhiteElo "2531"]
[BlackElo "2481"]
[PlyCount "136"]
[EventDate "2008.10.17"]

1. e4 e5 2. Nf3 Nc6 3. Bb5 Nf6 4. O-O Nxe4 5. d4 Nd6 6. dxe5 Nxb5 7. a4 Nbd4 8.
Nxd4 Nxd4 9. Qxd4 d5 10. Qd3 c6 11. a5 Qh4 12. f4 g6 13. Be3 Be7 14. Qc3 O-O
15. a6 bxa6 16. Bc5 Rb8 17. b4 Bxc5+ 18. bxc5 Qe7 19. Nd2 Rb5 20. Nb3 d4 21.
Qxd4 Rd8 22. Qf2 Be6 23. Nd4 Rxc5 24. Nxe6 fxe6 25. Rxa6 Rd7 26. Rfa1 g5 27.
fxg5 Rxe5 28. Rxc6 Rxg5 29. Qe3 Rg6 30. Rc8+ Kg7 31. Ra8 Qg5 32. Qxg5 Rxg5 33.
R8xa7 Rxa7 34. Rxa7+ Kg6 35. Ra1 Rc5 36. Rc1 Kf5 37. Kf2 e5 38. Ke3 Rc4 39. c3
Ke6 40. Kd3 Kd5 41. Ra1 Rf4 42. Ra5+ Ke6 43. Ra6+ Kf5 44. Ra7 Rh4 45. h3 Rh6
46. Rf7+ Ke6 47. Rf3 Rg6 48. g4 Rg8 49. Rg3 Rd8+ 50. Ke2 Ra8 51. h4 Ra2+ 52.
Kd3 Rh2 53. h5 Rh1 54. Ke4 h6 55. Kf3 Rc1 56. Ke2 Kd5 57. Rd3+ Ke4 58. Rd6 Rc2+
59. Kd1 Rg2 60. Rxh6 Rxg4 61. Rg6 Rh4 62. h6 Kf4 63. Kc2 e4 64. c4 e3 65. Rc6
Rh2+ 66. Kd3 e2 67. Kd2 Ke5 68. Rc7 Rxh6 1/2-1/2

[Event "XXIV European Club Cup"]
[Site "Kallithea GRE"]
[Date "2008.10.21"]
[Round "5.4"]
[White "Hayrapetian, Arman"]
[Black "Mantovani, Renzo"]
[Result "1-0"]
[WhiteElo "2402"]
[BlackElo "2359"]
[PlyCount "139"]
[EventDate "2008.10.17"]

1. e4 c5 2. Nf3 Nc6 3. d4 cxd4 4. Nxd4 g6 5. c4 Nf6 6. Nc3 d6 7. Be2 Nxd4 8.
Qxd4 Bg7 9. Be3 O-O 10. Qd2 Be6 11. f3 Qa5 12. Rc1 Rfc8 13. b3 a6 14. Nd5 Qxd2+
15. Kxd2 Nxd5 16. cxd5 Bd7 17. Bb6 Bb5 18. Bc4 Bh6+ 19. Be3 Bxe3+ 20. Kxe3 Bxc4
21. Rxc4 Rxc4 22. bxc4 b5 23. Rb1 bxc4 24. Kd4 Rc8 25. Kc3 f5 26. Rb7 fxe4 27.
fxe4 Kf7 28. Ra7 Kf6 29. a4 Rb8 30. a5 Rb3+ 31. Kxc4 Rb2 32. Rxa6 Rxg2 33. Rc6
Ke5 34. Kb3 Rf2 35. a6 Rf1 36. a7 Ra1 37. Rc7 Kxe4 38. Kc4 Rc1+ 39. Kb5 Rxc7
40. a8=Q Rc5+ 41. Kb4 Rxd5 42. Qb7 e6 43. Qxh7 Rg5 44. h4 Rg4 45. h5 Ke3+ 46.
Kc3 gxh5 47. Qh6+ Kf3 48. Qxh5 Kf4 49. Qh2+ Kf5 50. Qxd6 Kf6 51. Kd3 Kf7 52.
Qd7+ Kf6 53. Ke3 Rg8 54. Kf4 Ra8 55. Qd4+ Kf7 56. Kg5 Ra5+ 57. Kh6 Rd5 58. Qg7+
Ke8 59. Kg6 Rf5 60. Qc7 Rf8 61. Qd6 Rg8+ 62. Kf6 Rf8+ 63. Kg7 Rf7+ 64. Kg8 Rf6
65. Kg7 Rf7+ 66. Kg6 Re7 67. Qb8+ Kd7 68. Kf6 Re8 69. Qb5+ Kd8 70. Ke5 1-0

[Event "XXIV European Club Cup"]
[Site "Kallithea GRE"]
[Date "2008.10.21"]
[Round "5.4"]
[White "Mullon, Jean-Baptiste"]
[Black "Corvi, Marco"]
[Result "1/2-1/2"]
[WhiteElo "2354"]
[BlackElo "2343"]
[PlyCount "116"]
[EventDate "2008.10.17"]

1. e4 Nf6 2. e5 Nd5 3. d4 d6 4. Nf3 dxe5 5. Nxe5 g6 6. Bc4 c6 7. O-O Bg7 8. Qe2
O-O 9. Bb3 Be6 10. c4 Nc7 11. Rd1 Nd7 12. Nf3 Bg4 13. h3 Bxf3 14. Qxf3 Ne6 15.
Qe3 c5 16. dxc5 Qc7 17. Nc3 Bxc3 18. Qxc3 Rfd8 19. Bc2 Ndxc5 20. Rd5 Nd7 21.
Be3 Nb6 22. Rxd8+ Rxd8 23. Bb3 Rc8 24. Rc1 Nd7 25. Bd1 Nf6 26. Bf3 b6 27. b4
Nf4 28. Qd2 Ne6 29. a4 Rd8 30. Qc3 Nf4 31. g3 Ne6 32. Kg2 h5 33. c5 bxc5 34.
Bxc5 Ng5 35. Be3 Qxc3 36. Rxc3 Nxf3 37. Kxf3 Nd5 38. Rb3 Nxe3 39. Kxe3 Kf8 40.
b5 Ke8 41. a5 Rc8 42. Ke4 Kd7 43. Rd3+ Ke6 44. Rb3 Rc4+ 45. Kd3 Kd5 46. f4 Ra4
47. b6 axb6 48. axb6 Ra8 49. g4 hxg4 50. hxg4 Rb8 51. Rb5+ Kc6 52. Re5 Rb7 53.
f5 gxf5 54. Rxf5 e6 55. Rf1 Kxb6 56. Ke4 f5+ 57. gxf5 exf5+ 58. Rxf5 Re7+
1/2-1/2

[Event "XXIV European Club Cup"]
[Site "Kallithea GRE"]
[Date "2008.10.21"]
[Round "5.5"]
[White "Garcia Palermo, Carlos Horacio"]
[Black "Pelletier, Yannick"]
[Result "1/2-1/2"]
[WhiteElo "2459"]
[BlackElo "2557"]
[PlyCount "32"]
[EventDate "2008.10.17"]

1. d4 e6 2. e4 d5 3. exd5 exd5 4. Nf3 Bd6 5. c4 c6 6. Nc3 Nf6 7. cxd5 Nxd5 8.
Nxd5 cxd5 9. Bb5+ Nc6 10. O-O O-O 11. Bxc6 bxc6 12. Qc2 Qc7 13. h3 Bd7 14. Re1
Rae8 15. Bd2 f6 16. Rxe8 Rxe8 1/2-1/2

[Event "XXIV European Club Cup"]
[Site "Kallithea GRE"]
[Date "2008.10.21"]
[Round "5.5"]
[White "Ortega, Lexy"]
[Black "Silva Lillo, Sebastian"]
[Result "1-0"]
[WhiteElo "2442"]
[BlackElo "2361"]
[PlyCount "111"]
[EventDate "2008.10.17"]

1. Nf3 c5 2. c4 Nc6 3. Nc3 e5 4. g3 g6 5. Bg2 Bg7 6. a3 a5 7. d3 d6 8. Nd2 Nge7
9. Nf1 O-O 10. Ne3 Rb8 11. O-O Nd4 12. Bd2 Bd7 13. Ned5 Nxd5 14. Bxd5 Bc6 15.
e3 Bxd5 16. Nxd5 Nc6 17. Qa4 Re8 18. e4 h5 19. b4 axb4 20. axb4 Nd4 21. Be3 b5
22. cxb5 Nxb5 23. bxc5 dxc5 24. Bxc5 Bf8 25. Be3 Re6 26. Rfb1 Nd6 27. Rxb8 Qxb8
28. Qa8 Qxa8 29. Rxa8 Kg7 30. Bg5 Ne8 31. Be7 Bxe7 32. Rxe8 Bc5 33. Rxe6 fxe6
34. Nc3 Kf6 35. Kg2 g5 36. h3 Bd6 37. Ne2 Bc7 38. Ng1 Bb6 39. Nf3 Bc5 40. h4 g4
41. Nh2 Bf8 42. f3 gxf3+ 43. Nxf3 Bh6 44. Kh3 Be3 45. g4 hxg4+ 46. Kxg4 Bc5 47.
Kh5 Bf8 48. Ng5 Bg7 49. Nh7+ Kf7 50. Kg5 Bh8 51. Kh6 Bg7+ 52. Kh5 Bh8 53. Kg5
Kg7 54. Nf6 Kf7 55. Nh5 Kf8 56. Kh6 1-0

[Event "XXIV European Club Cup"]
[Site "Kallithea GRE"]
[Date "2008.10.22"]
[Round "6.1"]
[White "Agopov, Mikael"]
[Black "Godena, Michele"]
[Result "0-1"]
[WhiteElo "2449"]
[BlackElo "2517"]
[PlyCount "46"]
[EventDate "2008.10.17"]

1. e4 e5 2. Nf3 Nc6 3. Bb5 a6 4. Ba4 Nf6 5. O-O b5 6. Bb3 Bc5 7. c3 d6 8. a4
Bg4 9. h3 Bh5 10. d3 Rb8 11. Nbd2 O-O 12. Re1 b4 13. Bc4 bxc3 14. bxc3 d5 15.
Bxa6 d4 16. cxd4 Nxd4 17. Nf1 Bxf3 18. gxf3 Nh5 19. Nh2 Rb6 20. Bc4 Qh4 21. Be3
Qxh3 22. Kh1 Nf4 23. Rg1 Qxh2+ 0-1

[Event "XXIV European Club Cup"]
[Site "Kallithea GRE"]
[Date "2008.10.22"]
[Round "6.1"]
[White "Dancevski, Orce"]
[Black "Efimov, Igor"]
[Result "0-1"]
[WhiteElo "2421"]
[BlackElo "2442"]
[PlyCount "96"]
[EventDate "2008.10.17"]

1. e4 d6 2. d4 Nf6 3. Nc3 g6 4. f4 Bg7 5. Nf3 O-O 6. Bd3 Na6 7. O-O c5 8. d5
Nc7 9. a4 e6 10. dxe6 fxe6 11. Bd2 Kh8 12. Qe1 d5 13. e5 Ng8 14. Ng5 Ne7 15.
Qh4 h6 16. g4 Kg8 17. Nf3 c4 18. Be2 Nc6 19. Qh3 d4 20. Ne4 d3 21. cxd3 cxd3
22. Bd1 Nd5 23. g5 Nxf4 24. Bxf4 Rxf4 25. Nf6+ Bxf6 26. gxf6 Nxe5 27. Nxe5 Qd4+
28. Kh1 Qxe5 29. f7+ Rxf7 30. Rxf7 Kxf7 31. Bf3 Bd7 32. Bxb7 Rd8 33. Qxh6 Rh8
34. Rf1+ Ke7 35. Qd2 Rh4 36. Qf2 Rh8 37. Qd2 Bxa4 38. Qb4+ Kd8 39. Rf4 Bd7 40.
Bf3 g5 41. Rf8+ Rxf8 42. Qxf8+ Kc7 43. Qa3 g4 44. Qxa7+ Kd8 45. Qa8+ Ke7 46.
Bxg4 Qxb2 47. h3 d2 48. Qf3 Bc6 0-1

[Event "XXIV European Club Cup"]
[Site "Kallithea GRE"]
[Date "2008.10.22"]
[Round "6.1"]
[White "Meier, Georg"]
[Black "Macieja, Bartlomiej"]
[Result "1/2-1/2"]
[WhiteElo "2558"]
[BlackElo "2600"]
[PlyCount "73"]
[EventDate "2008.10.17"]

1. d4 Nf6 2. c4 e6 3. Nf3 d5 4. Nc3 dxc4 5. e4 Bb4 6. Bg5 c5 7. Bxc4 cxd4 8.
Nxd4 Bxc3+ 9. bxc3 Qa5 10. Bb5+ Bd7 11. Bxf6 gxf6 12. Bxd7+ Nxd7 13. O-O a6 14.
Rb1 Qc7 15. Qh5 Nc5 16. Rb4 Qe5 17. Qh4 Qg5 18. Qh3 h5 19. Rc4 Rc8 20. Nb3 b6
21. Nxc5 Rxc5 22. Qd3 O-O 23. f4 Qg6 24. f5 Qg5 25. Rxc5 bxc5 26. Qxa6 Qe3+ 27.
Kh1 Qxe4 28. Qd6 Ra8 29. fxe6 fxe6 30. a3 c4 31. h3 f5 32. Qe7 h4 33. Qg5+ Kf8
34. Qf6+ Kg8 35. Kh2 Ra7 36. Qd8+ Kh7 37. Qd1 1/2-1/2

[Event "XXIV European Club Cup"]
[Site "Kallithea GRE"]
[Date "2008.10.22"]
[Round "6.2"]
[White "Bellini, Fabio"]
[Black "Lehtivaara, Petri"]
[Result "1-0"]
[WhiteElo "2489"]
[BlackElo "2394"]
[PlyCount "65"]
[EventDate "2008.10.17"]

1. e4 e6 2. d4 d5 3. Nc3 Bb4 4. exd5 exd5 5. Bd3 Nc6 6. a3 Bxc3+ 7. bxc3 Qf6 8.
Rb1 Nge7 9. Ne2 Nd8 10. Bf4 Ne6 11. Be5 Qh6 12. O-O O-O 13. c4 c6 14. f4 dxc4
15. Bxc4 Nf5 16. Qd3 Qg6 17. Ng3 Nxg3 18. Qxg3 Qxg3 19. hxg3 b5 20. Ba2 Bd7 21.
c4 Rfe8 22. d5 Nd8 23. cxb5 cxb5 24. Rbc1 f6 25. Rc7 Bf5 26. Bd4 Re2 27. Rf2
Re1+ 28. Kh2 Rc8 29. d6+ Kh8 30. g4 Bxg4 31. Rfc2 Re8 32. d7 Bxd7 33. Bd5 1-0

[Event "XXIV European Club Cup"]
[Site "Kallithea GRE"]
[Date "2008.10.22"]
[Round "6.2"]
[White "Brunello, Sabino"]
[Black "Nyback, Tomi"]
[Result "0-1"]
[WhiteElo "2456"]
[BlackElo "2639"]
[PlyCount "64"]
[EventDate "2008.10.17"]

1. e4 e5 2. Nf3 Nc6 3. Bb5 a6 4. Ba4 Nf6 5. O-O Be7 6. Re1 b5 7. Bb3 d6 8. c3
O-O 9. d3 Na5 10. Bc2 c5 11. Nbd2 Re8 12. Nf1 Nc6 13. h3 h6 14. Ng3 d5 15. exd5
Qxd5 16. Bb3 Qd6 17. Nh4 Be6 18. Nhf5 Qd7 19. Bxe6 Qxe6 20. f4 Bf8 21. fxe5
Nxe5 22. Bf4 Qd5 23. Bxe5 Rxe5 24. Rxe5 Qxe5 25. Qf3 Re8 26. Rf1 Re6 27. d4
cxd4 28. Nxd4 Bc5 29. Ngf5 Nd5 30. Qh5 Qe4 31. Nd6 Bxd4+ 32. cxd4 Rxd6 0-1

[Event "XXIV European Club Cup"]
[Site "Kallithea GRE"]
[Date "2008.10.22"]
[Round "6.3"]
[White "Maki-Uuro, Miikka"]
[Black "Sedina, Elena"]
[Result "1/2-1/2"]
[WhiteElo "2381"]
[BlackElo "2365"]
[PlyCount "80"]
[EventDate "2008.10.17"]

1. Nf3 d5 2. d4 Nf6 3. c4 c6 4. cxd5 cxd5 5. Nc3 Nc6 6. Bf4 a6 7. Rc1 Ne4 8.
Ne5 Nxc3 9. Rxc3 Bd7 10. Qb3 Nxe5 11. Bxe5 Bc6 12. e3 e6 13. Be2 f6 14. Bg3 Qa5
15. a3 Be7 16. O-O O-O 17. Rfc1 f5 18. Be5 Rfc8 19. h3 Qd8 20. Kh1 Bf6 21. Bxf6
Qxf6 22. Qb4 Qf8 23. Rc5 Qd6 24. Bd1 f4 25. Ba4 fxe3 26. fxe3 Qg3 27. Bxc6 bxc6
28. Qe1 Qxe1+ 29. Rxe1 a5 30. Rec1 Ra6 31. Rb5 Rf8 32. Rb7 Rf7 33. Rb3 g6 34.
Kg1 Kg7 35. Rbc3 Rc7 36. Rc5 Kf6 37. b4 axb4 38. axb4 Rb7 39. Rxc6 Rxc6 40.
Rxc6 Rxb4 1/2-1/2

[Event "XXIV European Club Cup"]
[Site "Kallithea GRE"]
[Date "2008.10.22"]
[Round "6.4"]
[White "Corvi, Marco"]
[Black "Lichmann, Peter"]
[Result "1-0"]
[WhiteElo "2343"]
[BlackElo "2389"]
[PlyCount "87"]
[EventDate "2008.10.17"]

1. c4 Nf6 2. Nf3 g6 3. g3 Bg7 4. Bg2 O-O 5. O-O d6 6. Nc3 e5 7. Rb1 a5 8. d3
Nc6 9. a3 h6 10. b4 axb4 11. axb4 Be6 12. b5 Ne7 13. Qb3 Nd7 14. Bb2 f5 15. Nd2
Rb8 16. Ra1 g5 17. Ra7 Nc8 18. Raa1 g4 19. Qc2 Ncb6 20. Nd5 h5 21. Nxb6 Nxb6
22. Ra7 Qc8 23. c5 Nd5 24. cxd6 cxd6 25. Qxc8 Rfxc8 26. Nc4 Rd8 27. Rc1 Bh6 28.
Rca1 h4 29. Na5 Rd7 30. Nc4 Rdd8 31. Nxd6 Rxd6 32. Bxe5 Bf8 33. Bxd6 Bxd6 34.
Ra8 Kf7 35. Rxb8 Bxb8 36. Ra8 Bd6 37. Ra7 hxg3 38. Rxb7+ Ke8 39. hxg3 f4 40.
gxf4 Nxf4 41. Bc6+ Kd8 42. Kf1 Kc8 43. Rh7 Bc5 44. Rh6 1-0

[Event "XXIV European Club Cup"]
[Site "Kallithea GRE"]
[Date "2008.10.22"]
[Round "6.4"]
[White "D'Amore, Carlo"]
[Black "Fish, Gennadij"]
[Result "0-1"]
[WhiteElo "2481"]
[BlackElo "2531"]
[PlyCount "174"]
[EventDate "2008.10.17"]

1. e4 e6 2. d4 d5 3. Nd2 c5 4. exd5 exd5 5. Ngf3 Nc6 6. Bb5 Bd6 7. dxc5 Bxc5 8.
O-O Nge7 9. Nb3 Bd6 10. c3 O-O 11. Bd3 h6 12. h3 Nf5 13. Bc2 Re8 14. Qd3 g6 15.
Rd1 Be6 16. Nbd4 Ncxd4 17. Nxd4 Qf6 18. Nxe6 fxe6 19. Qf3 Qe5 20. Bxf5 Qxf5 21.
Qxf5 gxf5 22. Bxh6 Rac8 23. g4 fxg4 24. hxg4 Rc4 25. f3 b5 26. Be3 a5 27. Rac1
Kf7 28. Kf2 Rh8 29. Rh1 Rxh1 30. Rxh1 b4 31. Rc1 Bc5 32. Bxc5 Rxc5 33. Ke3 Rc4
34. Kd2 Kf6 35. cxb4 Rxb4 36. b3 a4 37. Rc3 axb3 38. axb3 d4 39. Rd3 Kg5 40.
Kc2 e5 41. Rd1 Kf4 42. Rf1 Rb5 43. Rg1 Ke3 44. b4 d3+ 45. Kc3 Rd5 46. Re1+ Kxf3
47. Kd2 e4 48. Rf1+ Kg2 49. Rf5 Rd4 50. Ke3 d2 51. Kxd4 d1=Q+ 52. Kxe4 Qxg4+
53. Rf4 Qe6+ 54. Kd4 Qb6+ 55. Kd3 Qg6+ 56. Kc4 Qe6+ 57. Kd4 Qd6+ 58. Ke3 Qe5+
59. Re4 Qc3+ 60. Kf4 Kf2 61. Kf5 Kf3 62. Rf4+ Ke3 63. Re4+ Kd3 64. Rf4 Qc8+ 65.
Ke5 Qc7+ 66. Kf5 Ke3 67. Re4+ Kf3 68. Rd4 Qf7+ 69. Ke5 Qg7+ 70. Kd5 Ke3 71. Rc4
Kd3 72. Rc5 Qd4+ 73. Ke6 Qxb4 74. Rd5+ Kc4 75. Re5 Qb6+ 76. Kf5 Qd6 77. Re6 Qd7
78. Ke5 Kc5 79. Kf6 Kd5 80. Re5+ Kd6 81. Re4 Qd8+ 82. Kf5 Qh8 83. Re3 Qh7+ 84.
Kf4 Kd5 85. Re5+ Kd4 86. Rf5 Qh4+ 87. Kf3 Qe4+ 0-1

[Event "XXIV European Club Cup"]
[Site "Kallithea GRE"]
[Date "2008.10.22"]
[Round "6.4"]
[White "Mantovani, Renzo"]
[Black "Hentunen, Asko"]
[Result "0-1"]
[WhiteElo "2359"]
[BlackElo "2313"]
[PlyCount "86"]
[EventDate "2008.10.17"]

1. e4 c5 2. Nf3 g6 3. d4 Bg7 4. d5 d6 5. c4 e6 6. h3 Ne7 7. Bd3 O-O 8. O-O a6
9. a4 exd5 10. cxd5 Nd7 11. Na3 b5 12. axb5 axb5 13. Bxb5 f5 14. Ng5 Nb6 15.
Bd3 h6 16. Ne6 Bxe6 17. dxe6 fxe4 18. Bxe4 d5 19. Bf3 Nf5 20. Re1 Re8 21. Rb1
Nd4 22. Qd3 Qf6 23. Bg4 h5 24. Bd1 Rxe6 25. Rxe6 Qxe6 26. Be3 Rc8 27. Nc2 Nf5
28. Bd2 Nc4 29. Bf3 Rd8 30. Re1 Ne5 31. Qa3 Qd6 32. Be2 Nc6 33. Bd3 c4 34. Bxf5
gxf5 35. Qf3 Qg6 36. Ne3 Nd4 37. Qf4 Be5 38. Nxf5 Bxf4 39. Ne7+ Kg7 40. Nxg6
Bxd2 41. Rd1 Kxg6 42. Rxd2 Nb3 43. Rc2 d4 0-1

[Event "XXIV European Club Cup"]
[Site "Kallithea GRE"]
[Date "2008.10.22"]
[Round "6.5"]
[White "Meins, Gerlef"]
[Black "Ortega, Lexy"]
[Result "1/2-1/2"]
[WhiteElo "2460"]
[BlackElo "2442"]
[PlyCount "82"]
[EventDate "2008.10.17"]

1. d4 f5 2. g3 Nf6 3. Bg2 g6 4. Nh3 Bg7 5. Nf4 Nc6 6. d5 Ne5 7. Nc3 c6 8. e4
O-O 9. exf5 gxf5 10. O-O e6 11. dxe6 dxe6 12. Qe2 Nd5 13. Na4 Nxf4 14. Bxf4 Ng6
15. Bd2 e5 16. Bb4 Rf7 17. Rad1 Qe8 18. Bd6 Be6 19. Nc5 Rd8 20. c4 Bc8 21. b4
b6 22. Nb3 Ba6 23. a4 e4 24. b5 Bb7 25. c5 Qe6 26. Nd4 Bxd4 27. Rxd4 bxc5 28.
Bxc5 Rxd4 29. Bxd4 cxb5 30. axb5 f4 31. f3 fxg3 32. hxg3 Qd6 33. Qf2 exf3 34.
Bh3 Ne5 35. Bxe5 Qxe5 36. Re1 Be4 37. Rc1 h5 38. Rc5 Qe7 39. Rxh5 Rh7 40. Rxh7
Kxh7 41. Bg4 Qb7 1/2-1/2

[Event "XXIV European Club Cup"]
[Site "Kallithea GRE"]
[Date "2008.10.23"]
[Round "7.1"]
[White "Efimov, Igor"]
[Black "Jones, Richard S."]
[Result "1-0"]
[WhiteElo "2442"]
[BlackElo "2307"]
[PlyCount "51"]
[EventDate "2008.10.17"]

1. Nf3 Nf6 2. c4 g6 3. Nc3 Bg7 4. d4 O-O 5. Bg5 d6 6. e3 h6 7. Bh4 c5 8. Be2 g5
9. Bg3 Bf5 10. O-O Ne4 11. Nxe4 Bxe4 12. h4 g4 13. Nd2 Bh7 14. Nb3 cxd4 15.
Nxd4 Nc6 16. Bd3 Bxd3 17. Qxd3 Nxd4 18. exd4 Qb6 19. Rad1 f5 20. Rfe1 e5 21. c5
Qxb2 22. dxe5 f4 23. Qc4+ Kh8 24. Bxf4 dxe5 25. Be3 Rad8 26. Rb1 1-0

[Event "XXIV European Club Cup"]
[Site "Kallithea GRE"]
[Date "2008.10.23"]
[Round "7.1"]
[White "Ledger, Andrew J."]
[Black "Godena, Michele"]
[Result "1/2-1/2"]
[WhiteElo "2429"]
[BlackElo "2517"]
[PlyCount "40"]
[EventDate "2008.10.17"]

1. e4 e5 2. Nf3 Nc6 3. Nc3 Nf6 4. g3 Bc5 5. Bg2 d6 6. O-O a6 7. d3 Be6 8. h3 h6
9. Be3 Bxe3 10. fxe3 Ne7 11. Nh4 Nh7 12. Nf5 O-O 13. Rf2 Kh8 14. Nxe7 Qxe7 15.
Qh5 Qg5 16. Qxg5 hxg5 17. Nd5 Bxd5 18. exd5 f5 19. c4 g6 20. Rc1 b6 1/2-1/2

[Event "XXIV European Club Cup"]
[Site "Kallithea GRE"]
[Date "2008.10.23"]
[Round "7.1"]
[White "Macak, Stefan"]
[Black "Macieja, Bartlomiej"]
[Result "0-1"]
[WhiteElo "2546"]
[BlackElo "2600"]
[PlyCount "98"]
[EventDate "2008.10.17"]

1. e4 c5 2. Nf3 Nc6 3. d4 cxd4 4. Nxd4 Qc7 5. Nc3 e6 6. Be3 a6 7. Qd2 Nf6 8.
O-O-O Be7 9. f3 h5 10. Nxc6 bxc6 11. Na4 Rb8 12. c4 d5 13. e5 Nd7 14. f4 Rb4
15. Qc2 Qa5 16. a3 Rxa4 17. Bd2 Rxc4 18. Bxa5 Rxc2+ 19. Kxc2 c5 20. Be2 Bb7 21.
Bf3 g6 22. b4 Bc6 23. Kd2 c4 24. Rc1 Bb5 25. Ra1 Ba4 26. Rhb1 f6 27. Bd1 Bxd1
28. Rxd1 fxe5 29. fxe5 Bg5+ 30. Kc2 Rf8 31. Rf1 Nxe5 32. Rxf8+ Kxf8 33. Re1 Nc6
34. Bb6 e5 35. Bc5+ Be7 36. Bxe7+ Kxe7 37. Kc3 Ke6 38. a4 Nd4 39. Rf1 Nf5 40.
b5 axb5 41. a5 Kd6 42. a6 Kc7 43. Ra1 Kb8 44. Kb4 d4 45. Kxb5 c3 46. Re1 c2 47.
Kc4 e4 48. Kb3 d3 49. Kc3 Nd4 0-1

[Event "XXIV European Club Cup"]
[Site "Kallithea GRE"]
[Date "2008.10.23"]
[Round "7.2"]
[White "Bednarich, Jan"]
[Black "Maki, Veijo"]
[Result "0-1"]
[WhiteElo "2260"]
[BlackElo "2413"]
[PlyCount "88"]
[EventDate "2008.10.17"]

1. e4 c5 2. Nf3 Nc6 3. c3 Nf6 4. e5 Nd5 5. d4 cxd4 6. cxd4 d6 7. Bc4 dxe5 8.
Qb3 e6 9. dxe5 Na5 10. Bb5+ Bd7 11. Qa4 Bxb5 12. Qxb5+ Qd7 13. Qxd7+ Kxd7 14.
O-O Bb4 15. Nbd2 Rhc8 16. Ne4 h6 17. Rd1 Rc4 18. Ng3 Ke8 19. Bd2 Bxd2 20. Nxd2
Rc2 21. Rab1 Ke7 22. Nf3 Rd8 23. Nd4 Rc4 24. Nf3 Nc6 25. h3 Nf4 26. Re1 Rd3 27.
Kh2 Rc2 28. Re4 Rxf3 29. gxf3 Rxf2+ 30. Kh1 Rxf3 31. Rf1 Rxg3 32. Rexf4 Nxe5
33. Re4 Nc6 34. Kh2 Rd3 35. Rf2 g6 36. b4 a6 37. Rc4 f5 38. a4 Rb3 39. Rfc2 Kf6
40. R2c3 Rb2+ 41. Rc2 Rxc2+ 42. Rxc2 Nxb4 43. Rc7 b6 44. Kg3 Nd5 0-1

[Event "XXIV European Club Cup"]
[Site "Kallithea GRE"]
[Date "2008.10.23"]
[Round "7.2"]
[White "Bellini, Fabio"]
[Black "Ansell, Simon T."]
[Result "1/2-1/2"]
[WhiteElo "2489"]
[BlackElo "2410"]
[PlyCount "138"]
[EventDate "2008.10.17"]

1. e4 c5 2. Nf3 Nc6 3. Bb5 d6 4. O-O Bd7 5. Re1 a6 6. Bf1 Nf6 7. h3 e6 8. c3
Be7 9. d4 cxd4 10. cxd4 d5 11. e5 Ne4 12. Nc3 Nxc3 13. bxc3 O-O 14. h4 Kh8 15.
Rb1 b5 16. Bd3 f5 17. exf6 gxf6 18. Bh6 Rf7 19. Qd2 Qg8 20. g3 Na5 21. Re2 Re8
22. Rbe1 Bd8 23. Bf4 Nc4 24. Qc1 Qf8 25. Nd2 Nb6 26. Re3 Be7 27. Qd1 Bd6 28.
Bxd6 Qxd6 29. Qh5 Ree7 30. Qh6 Qb8 31. Bf5 e5 32. Bxh7 Qf8 33. Qxf8+ Rxf8 34.
Bd3 e4 35. Bf1 Rg7 36. f3 f5 37. fxe4 dxe4 38. c4 bxc4 39. Nxc4 Nd5 40. Rb3 Ba4
41. Ra3 Bb5 42. Nd6 e3 43. Nxb5 Rxg3+ 44. Kh2 f4 45. Nd6 e2 46. Rxg3 exf1=N+
47. Rxf1 fxg3+ 48. Kg1 Nf4 49. Rf3 Ne2+ 50. Kg2 Rxf3 51. Kxf3 Nxd4+ 52. Kxg3
Ne2+ 53. Kf3 Nc3 54. a3 Kg7 55. Ke3 Kg6 56. Kd4 Nb1 57. a4 Nd2 58. Ne4 Nf3+ 59.
Kc5 Nxh4 60. Kb6 Kf5 61. Nc5 Ke5 62. a5 Nf5 63. Kxa6 Nd6 64. Ka7 Kd5 65. Nb7
Nc4 66. a6 Kc6 67. Kb8 Ne5 68. Na5+ Kb6 69. Nc4+ Kxa6 1/2-1/2

[Event "XXIV European Club Cup"]
[Site "Kallithea GRE"]
[Date "2008.10.23"]
[Round "7.2"]
[White "Brunello, Sabino"]
[Black "Molnar, Peter"]
[Result "1-0"]
[WhiteElo "2456"]
[BlackElo "2297"]
[PlyCount "103"]
[EventDate "2008.10.17"]

1. d4 Nf6 2. c4 e6 3. g3 c5 4. d5 exd5 5. cxd5 b5 6. e4 Nxe4 7. Qe2 Qe7 8. Bg2
Nd6 9. Be3 Na6 10. Nc3 g6 11. Nxb5 Nxb5 12. d6 Nxd6 13. Bxa8 Nc7 14. O-O-O Ba6
15. Qf3 Nf5 16. Bc6 Nd4 17. Bxd4 cxd4 18. Be4 Bg7 19. Bd3 Bxd3 20. Qxd3 O-O 21.
Nf3 Ne6 22. Rhe1 Rb8 23. Re2 Qb4 24. Rc2 d5 25. Qb3 Qxb3 26. axb3 h5 27. Ne1
Rxb3 28. Rc8+ Kh7 29. Nd3 Bf8 30. Kc2 Rb5 31. Ra1 a5 32. Ra8 Bb4 33. Ra7 Kg7
34. Ne5 Kf6 35. f4 Kf5 36. Rxf7+ Ke4 37. Nd3 Nc5 38. Re7+ Kf3 39. Rf1+ Kg2 40.
Rf2+ Kg1 41. Ree2 Ne4 42. Rf3 Rb7 43. Kd1 Rc7 44. f5 g5 45. f6 Rf7 46. Ne5 Rxf6
47. Rxe4 Rxf3 48. Nxf3+ Kf2 49. Rxd4 Kxf3 50. Rxd5 Kg4 51. Ke2 h4 52. Kf2 1-0